Statistics for Croatian soccer players scoring during the World Cup

Click here to take the quiz!

General Stats

  • This quiz has been taken 122 times
    (109 since last reset)
  • The average score is 12 of 17

Answer Stats

Goals Year(s) Player % Correct
22018Luka Modrić
99%
61998Davor Šuker
96%
12018Ivan Rakitić
92%
52014, 2018Mario Mandžukić
91%
52014, 2018Ivan Perišić
88%
12018Domagoj Vida
82%
12018Ante Rebić
78%
12006Darijo Srna
75%
12018Andrej Kramarić
75%
21998Robert Prosinečki
73%
22002, 2014Ivica Olić
70%
12006Niko Kovač
68%
12018Milan Badelj
63%
11998Robert Jarni
55%
11998Goran Vlaović
49%
11998Mario Stanić
43%
12002Milan Rapaić
34%

Score Distribution

Percentile by Number Answered

Percent of People with Each Score

Your Score History

You have not taken this quiz since the last reset